ULI 1999 Real Estate Forecast (Record no. 60686)

MARC details
000 -LEADER
fixed length control field 00521cam a2200145 4500
001 - CONTROL NUMBER
control field ABS61000
008 - FIXED-LENGTH DATA ELEMENTS--GENERAL INFORMATION
fixed length control field 000000n1999 000 0 eng u
035 ## - SYSTEM CONTROL NUMBER
System control number (Sirsi) u101554
245 ## - TITLE STATEMENT
Title ULI 1999 Real Estate Forecast
260 ## - PUBLICATION, DISTRIBUTION, ETC.
Date of publication, distribution, etc. 1999
490 ## - SERIES STATEMENT
Series statement Urban Land
Volume/sequential designation 'Supplement' May 1999(56)(LOAN)
520 ## - SUMMARY, ETC.
Summary, etc. Supplement looking at trends in the American real estate market. Covers capital markets, office, industrial, retail, hotel and residential sectors. Statistics.
690 ## - LOCAL SUBJECT ADDED ENTRY--TOPICAL TERM (OCLC, RLIN)
Topical term or geographic name as entry element OVERSEAS-NORTH AMERICA
942 ## - ADDED ENTRY ELEMENTS (KOHA)
Suppress in OPAC 0
Holdings
Withdrawn status Lost status Source of classification or shelving scheme Damaged status Not for loan Home library Current library Shelving location Date acquired Total Checkouts Full call number Barcode Date last seen Copy number Price effective from Koha item type
    Dewey Decimal Classification     London London Journal article 05/11/1999   ABS61000 101554-1001 06/08/2019 1 06/08/2019 Journal article